Property returns continue to decline (Record no. 68052)
[ view plain ]
| 000 -LEADER | |
|---|---|
| fixed length control field | 00809cam a2200193 4500 |
| 001 - CONTROL NUMBER | |
| control field | WB3732-12 |
| 008 - FIXED-LENGTH DATA ELEMENTS--GENERAL INFORMATION | |
| fixed length control field | 010821n2001 000 0 eng u |
| 035 ## - SYSTEM CONTROL NUMBER | |
| System control number | (Sirsi) u114237 |
| 245 ## - TITLE STATEMENT | |
| Title | Property returns continue to decline |
| 260 ## - PUBLICATION, DISTRIBUTION, ETC. | |
| Date of publication, distribution, etc. | 2001 |
| 490 ## - SERIES STATEMENT | |
| Series statement | Estates Gazette |
| Volume/sequential designation | (0133) 18 August 2001, 24(1) |
| 520 ## - SUMMARY, ETC. | |
| Summary, etc. | The Investment Property Databank's monthly index for July 2001 indicates that property's performance declined once again. Annualised property total returns fell to 7.9%, from 8.1% in June 2001. On a more positive note, in terms of capital growth, the rate of decline slowed in the retail sector. |
| 590 ## - LOCAL NOTE (RLIN) | |
| Local note | WB |
| 650 ## - SUBJECT ADDED ENTRY--TOPICAL TERM | |
| Topical term or geographic name entry element | IPD INDEX |
| 650 ## - SUBJECT ADDED ENTRY--TOPICAL TERM | |
| Topical term or geographic name entry element | RETAIL SECTOR |
| 650 ## - SUBJECT ADDED ENTRY--TOPICAL TERM | |
| Topical term or geographic name entry element | PROPERTY RETURNS |
| 690 ## - LOCAL SUBJECT ADDED ENTRY--TOPICAL TERM (OCLC, RLIN) | |
| Topical term or geographic name as entry element | PROPERTY-COMMERCIAL PROPERTY-COMMERCIAL PROPERTY MARKET |
| 942 ## - ADDED ENTRY ELEMENTS (KOHA) | |
| Suppress in OPAC | 0 |
| Withdrawn status | Lost status | Source of classification or shelving scheme | Damaged status | Not for loan | Home library | Current library | Shelving location | Date acquired | Total Checkouts | Full call number | Barcode | Date last seen | Copy number | Price effective from | Koha item type |
|---|---|---|---|---|---|---|---|---|---|---|---|---|---|---|---|
| Dewey Decimal Classification | London | London | News article | 21/08/2001 | WB3732-12 | 114237-1001 | 06/08/2019 | 1 | 06/08/2019 | News article |